[Event "Pan American Intercollegiate-chT"]
[Site "Dulles"]
[Date "2022.01.08"]
[Round "5.3"]
[White "Li, Zhaozhi"]
[Black "Huang, Max"]
[Result "1-0"]
[WhiteElo "2433"]
[BlackElo "1919"]
[PlyCount "77"]
[EventDate "2022.01.06"]
[EventType "team-swiss"]
[EventRounds "6"]
[EventCountry "USA"]
[SourceTitle "EXT 2023"]
[Source "ChessBase"]
[SourceDate "2022.10.05"]
[SourceVersion "1"]
[SourceVersionDate "2022.10.05"]
[SourceQuality "1"]
[WhiteTeam "Chicago Univ"]
[BlackTeam "Texas Austin Univ"]
[WhiteTeamCountry "USA"]
[BlackTeamCountry "USA"]

1. d4 d5 2. c4 e6 3. Nf3 c6 4. e3 Nf6 5. Nc3 Nbd7 6. Qc2 Bd6 7. Bd3 0-0 8. 0-0 dxc4 9. Bxc4 b5 10. Be2 Bb7 11. e4 e5 12. dxe5 Bxe5 13. Nxe5 Nxe5 14. Be3 Qe7 15. Rad1 a6 16. f4 Neg4 17. Bd4 c5 18. Bxf6 Nxf6 19. e5 Nd7 20. Bd3 h6 21. Bh7+ Kh8 22. Be4 Nb6 23. Bxb7 Qxb7 24. f5 Nc4 25. Rde1 Rae8 26. f6 Rxe5 27. Rxe5 Nxe5 28. Qf5 Ng6 29. Ne4 Qc6 30. Nxc5 Qxf6 31. Qxf6 gxf6 32. Rxf6 Rd8 33. Rxf7 Rd2 34. Ne4 Rxb2 35. Nf6 Nf8 36. Rxf8+ Kg7 37. Nd7 Rxa2 38. Rb8 Kf7 39. Nc5 1-0

[Event "USA-ch High School K12"]
[Site "Schaumburg"]
[Date "2019.03.15"]
[Round "2"]
[White "Huang, Max"]
[Black "Peng, David T"]
[Result "0-1"]
[WhiteElo "1905"]
[BlackElo "2297"]
[PlyCount "68"]
[EventDate "2019.03.15"]
[EventType "swiss"]
[EventRounds "7"]
[EventCountry "USA"]
[SourceTitle "CBM 189 Extra"]
[Source "ChessBase"]
[SourceDate "2019.06.03"]
[SourceVersion "1"]
[SourceVersionDate "2019.06.03"]
[SourceQuality "1"]

1. d4 Nf6 2. c4 e6 3. Nc3 Bb4 4. e3 d5 5. Bd3 0-0 6. Nf3 b6 7. cxd5 exd5 8. a3 Bd6 9. b4 Bb7 10. 0-0 Nbd7 11. Qb3 c6 12. Qc2 a5 13. Rb1 Qe7 14. e4 axb4 15. axb4 dxe4 16. Nxe4 Bxb4 17. Bg5 c5 18. Nxf6+ Nxf6 19. Bxh7+ Kh8 20. Bxf6 Qxf6 21. Be4 Bxe4 22. Qxe4 Rfe8 23. Qg4 g6 24. Rb3 Kg7 25. Rd1 Ra2 26. Re3 Rd8 27. Re4 Qf5 28. Qxf5 gxf5 29. Rf4 c4 30. Ne5 c3 31. Nd3 c2 32. Rf1 Bd2 33. Rh4 f4 34. Nxf4 c1Q 0-1

[Event "Southwest op 84th"]
[Site "Irving"]
[Date "2018.09.03"]
[Round "9"]
[White "Kumar, Naman"]
[Black "Huang, Max"]
[Result "1/2-1/2"]
[WhiteElo "1914"]
[BlackElo "1805"]
[PlyCount "84"]
[EventDate "2018.08.30"]
[EventType "swiss"]
[EventRounds "9"]
[EventCountry "USA"]
[SourceTitle "CBM 186 Extra"]
[Source "ChessBase"]
[SourceDate "2018.08.24"]
[SourceVersion "1"]
[SourceVersionDate "2018.08.24"]
[SourceQuality "1"]

1. e4 c5 2. Nf3 e6 3. d4 cxd4 4. Nxd4 a6 5. c4 Qc7 6. Nc3 d6 7. Be2 Nf6 8. 0-0 Nbd7 9. Be3 b6 10. Qd2 Bb7 11. f3 Be7 12. Rfc1 0-0 13. a4 a5 14. Ndb5 Qb8 15. Bf4 Nc5 16. Qc2 Nfd7 17. Rd1 Ne5 18. Be3 Rd8 19. f4 Nc6 20. Bxc5 bxc5 21. Bf3 Bf6 22. Kh1 g6 23. Qd2 Nd4 24. Nxd4 Bxd4 25. Nb5 Bg7 26. Ra3 Ra6 27. Rd3 Bf8 28. e5 Bxf3 29. gxf3 Qb7 30. exd6 Raxd6 31. Nxd6 Rxd6 32. Rxd6 Bxd6 33. Qxd6 Qxf3+ 34. Kg1 Qe3+ 35. Kg2 Qe2+ 36. Kg3 Qe3+ 37. Kg4 Qe2+ 38. Kg3 Qe3+ 39. Kh4 Qf2+ 40. Kg5 h6+ 41. Kf6 Qh4+ 42. Ke5 Qh5+ 1/2-1/2

[Event "Southwest op 84th"]
[Site "Irving"]
[Date "2018.09.01"]
[Round "4"]
[White "Huang, Max"]
[Black "Yim, Sung Ho"]
[Result "1/2-1/2"]
[WhiteElo "1805"]
[BlackElo "2271"]
[PlyCount "119"]
[EventDate "2018.08.30"]
[EventType "swiss"]
[EventRounds "9"]
[EventCountry "USA"]
[SourceTitle "CBM 186 Extra"]
[Source "ChessBase"]
[SourceDate "2018.08.24"]
[SourceVersion "1"]
[SourceVersionDate "2018.08.24"]
[SourceQuality "1"]

1. d4 g6 2. c4 Bg7 3. Nc3 c5 4. d5 Bxc3+ 5. bxc3 f5 6. e4 fxe4 7. f3 e5 8. Qc2 e3 9. Bxe3 d6 10. Bd3 Qh4+ 11. g3 Qe7 12. h4 Nf6 13. Bg5 Nbd7 14. 0-0-0 Kd8 15. Re1 Kc7 16. h5 gxh5 17. f4 h6 18. Bh4 Qg7 19. Nf3 exf4 20. Rhg1 Qf8 21. Re6 Rg8 22. Qd2 fxg3 23. Bxg3 Rxg3 24. Rxg3 Nb6 25. Re1 Bg4 26. Nh4 Nfd7 27. Ng6 Qf6 28. Rf1 Qg7 29. Nf4 Qe7 30. Re3 Qg5 31. Ne6+ Bxe6 32. Rxe6 Ne5 33. Qxg5 hxg5 34. Re7+ Nbd7 35. Be2 Rh8 36. Rg7 g4 37. Rh1 Rf8 38. Rxh5 Kb6 39. Rhh7 g3 40. Rxg3 Rf2 41. Kd1 Nf6 42. Re7 Ne4 43. Rgg7 Nxc3+ 44. Kc2 Rxe2+ 45. Kxc3 a6 46. Rxb7+ Ka5 47. Rg8 Re3+ 48. Kc2 Re2+ 49. Kc3 Re3+ 50. Kc2 Re2+ 51. Kc3 Re3+ 52. Kc2 Nxc4 53. Ra8 Na3+ 54. Kd2 Re5 55. Rba7 Rxd5+ 56. Kc1 Kb4 57. Rb8+ Ka5 58. Rba8 Kb4 59. Rb8+ Ka5 60. Rba8 1/2-1/2